Ilmu, kekuasaan dan harta adalah amanat Allah, (Record no. 84187)

MARC details
000 -LEADER
fixed length control field 00547cam a22002051 4500
001 - CONTROL NUMBER
control field sa 68011921
003 - CONTROL NUMBER IDENTIFIER
control field DLC
005 - DATE AND TIME OF LATEST TRANSACTION
control field 20260227112605.0
008 - FIXED-LENGTH DATA ELEMENTS--GENERAL INFORMATION
fixed length control field 890514s1967 io 000 0 dut
010 ## - LIBRARY OF CONGRESS CONTROL NUMBER
LC control number sa 68011921
035 ## - SYSTEM CONTROL NUMBER
System control number (OCoLC)23396918
040 ## - CATALOGING SOURCE
Original cataloging agency DLC
Transcribing agency MiU
Modifying agency DLC
042 ## - AUTHENTICATION CODE
Authentication code premarc
050 00 - LIBRARY OF CONGRESS CALL NUMBER
Classification number BP183.645
Item number .N3
100 1# - MAIN ENTRY--PERSONAL NAME
Personal name Natsir, M. ,
Dates associated with a name 1908-1993.
245 10 - TITLE STATEMENT
Title Ilmu, kekuasaan dan harta adalah amanat Allah,
260 ## - PUBLICATION, DISTRIBUTION, ETC.
Place of publication, distribution, etc. Djakarta,
Name of publisher, distributor, etc. Bulan Bintang,
Date of publication, distribution, etc. 1967.
300 ## - PHYSICAL DESCRIPTION
Extent 24 p.
Dimensions 21 cm.
650 #0 - SUBJECT ADDED ENTRY--TOPICAL TERM
Topical term or geographic name entry element ʻĪd al-Fiṭr sermons

No items available.

Powered by Koha